[Event "Junior Online 4NCL Division 5"]
[Site "online"]
[Date "2021.02.18"]
[EventDate "2021.02.18"]
[Round "3.78"]
[White "Banerjee, Supratit"]
[WhiteElo "623"]
[WhiteTeam "Lenzie Dementors"]
[Black "Mo, Alex"]
[BlackElo "1285"]
[BlackTeam "Desert Penguins Saturn"]
[Result "0-1"]
[PlyCount "128"]

1. e4 c5 2. Nf3 d6 3. Nc3 a6 4. d4 cxd4 5. Nxd4 Nf6 6. Bd3 e6 7. O-O Nbd7 8. f4 Be7 9. f5 exf5 10. Nxf5 O-O 11. Nxe7+ Qxe7 12. Bg5 h6 13. Nd5 Qe5 14. Nxf6+ Nxf6 15. Bf4 Qe7 16. Bc4 Rd8 17. Bd3 b5 18. Re1 Bb7 19. e5 dxe5 20. Rxe5 Qb4 21. Re3 Qxf4 22. Rg3 Be4 23. Qe2 Bxd3 24. cxd3 Re8 25. Qc2 Rac8 26. Qd1 Qe5 27. d4 Qe2 28. Qxe2 Rxe2 29. Rf1 Kh7 30. Rgf3 Rcc2 31. R3f2 Rxf2 32. Rxf2 Rxf2 33. Kxf2 Kg6 34. Ke3 Kf5 35. b4 Ke6 36. h3 Kd5 37. g4 g5 38. a3 Ne4 39. Kd3 Nf2+ 40. Ke3 Nxh3 41. Kd3 Nf4+ 42. Ke3 Ne6 43. Kd3 Nxd4 44. Ke3 Nc2+ 45. Kd2 Nxa3 46. Kc3 Nc4 47. Kd3 Ne5+ 48. Ke3 Nxg4+ 49. Kf3 Ne5+ 50. Ke3 f5 51. Ke2 f4 52. Kf2 h5 53. Kg2 g4 54. Kg1 h4 55. Kg2 g3 56. Kg1 f3 57. Kh1 h3 58. Kg1 Kc4 59. Kh1 Kxb4 60. Kg1 a5 61. Kh1 a4 62. Kg1 a3 63. Kh1 a2 64. Kg1 a1=Q# 0-1

[Event "Junior Online 4NCL Division 5"]
[Site "online"]
[Date "2021.02.18"]
[EventDate "2021.02.18"]
[Round "3.81"]
[White "Aggarwal, Kian"]
[WhiteElo "1400"]
[WhiteTeam "Chess Challengers F"]
[Black "Russo, Leonardo"]
[BlackElo "1700"]
[BlackTeam "Kings College School"]
[Result "0-1"]
[PlyCount "120"]

1. e4 e5 2. Nf3 Nc6 3. Nc3 d6 4. Bc4 f5 5. d3 Na5 6. Bg5 Be7 7. Bxe7 Nxe7 8. Bd5 c6 9. Bb3 Nxb3 10. cxb3 O-O 11. d4 Ng6 12. dxe5 dxe5 13. Qe2 Qb6 14. Qc4+ Kh8 15. O-O Re8 16. Na4 Qc7 17. Nc5 b6 18. Na6 Bxa6 19. Qxa6 fxe4 20. Ng5 e3 21. fxe3 Rf8 22. Qc4 h6 23. Nf7+ Kh7 24. Qe6 Rae8 25. Qf5 Re7 26. Ng5+ hxg5 27. Qxg5 Ref7 28. Qh5+ Kg8 29. Qxg6 c5 30. Rac1 Qd7 31. Rcd1 Rxf1+ 32. Rxf1 Rxf1+ 33. Kxf1 Qd1+ 34. Kf2 Qd2+ 35. Kf3 Qd1+ 36. Ke4 Qc2+ 37. Kxe5 Qxg6 38. a3 Qxg2 39. b4 Qxb2+ 40. Kd5 cxb4 41. axb4 Qxb4 42. e4 Qd2+ 43. Ke6 Qxh2 44. e5 a5 45. Kd6 a4 46. Kd5 a3 47. e6 Qe2 48. Kd6 a2 49. e7 Qxe7+ 50. Kxe7 a1=Q 51. Kd6 b5 52. Kc6 Qa4 53. Kd5 b4 54. Ke5 b3 55. Kd5 b2 56. Ke5 b1=Q 57. Kd5 Qbb5+ 58. Ke6 Qaa6+ 59. Ke7 Qbb7+ 60. Ke8 Qaa8# 0-1

[Event "Junior Online 4NCL Division 5"]
[Site "online"]
[Date "2021.02.18"]
[EventDate "2021.02.18"]
[Round "3.82"]
[White "Ghosh, Kabir A"]
[WhiteElo "1543"]
[WhiteTeam "Kings College School"]
[Black "Khandelwal, Ritisha"]
[BlackElo "1400"]
[BlackTeam "Chess Challengers F"]
[Result "1-0"]
[PlyCount "73"]

1. c4 d5 2. cxd5 Nf6 3. Nc3 Nxd5 4. d4 Nxc3 5. bxc3 c6 6. e4 e6 7. Qc2 b5 8. Bd3 b4 9. Nf3 a5 10. O-O f6 11. cxb4 axb4 12. Bd2 e5 13. dxe5 fxe5 14. Nxe5 Be6 15. Nxc6 Nxc6 16. Qxc6+ Bd7 17. Qd5 Ra5 18. Qb3 Bd6 19. Bxb4 Ba4 20. Bxa5 Qxa5 21. Qe6+ Be7 22. Rab1 Qc7 23. Rfc1 Bd7 24. Rxc7 Bxe6 25. Rb8+ Bd8 26. Bb5+ Bd7 27. Rxd7 O-O 28. Rbxd8 Rxd8 29. Rxd8+ Kf7 30. a4 g5 31. a5 h5 32. a6 g4 33. a7 Kg6 34. a8=Q Kg5 35. Qd5+ Kf4 36. g3+ Kf3 37. Qf5# 1-0

[Event "Junior Online 4NCL Division 5"]
[Site "online"]
[Date "2021.02.18"]
[EventDate "2021.02.18"]
[Round "3.83"]
[White "Mukherjee, Abhijay"]
[WhiteElo "1401"]
[WhiteTeam "Chess Challengers F"]
[Black "Grover, Anish"]
[BlackElo "1518"]
[BlackTeam "Kings College School"]
[Result "0-1"]
[PlyCount "146"]

1. e4 c5 2. Nf3 d6 3. Bc4 Nf6 4. d3 Nc6 5. a3 a6 6. Ba2 Bg4 7. O-O g6 8. h3 Bxf3 9. Qxf3 Nd4 10. Qd1 Bg7 11. c3 Nc6 12. d4 cxd4 13. cxd4 Nxe4 14. d5 Ne5 15. Re1 Nc5 16. b4 Ned3 17. Re3 Nxc1 18. Nc3 N5d3 19. Bc4 Bxc3 20. Rb1 Bd4 21. Rf3 Bxf2+ 22. Kf1 Nb2 23. Qc2 Nxc4 24. Qxf2 Ne5 25. Rc3 Ncd3 26. Qd2 O-O 27. a4 Rc8 28. Rxc8 Qxc8 29. b5 axb5 30. axb5 b6 31. Ke2 Qc5 32. Kd1 Rc8 33. Ke2 Qf2+ 34. Kd1 Qxd2+ 35. Kxd2 Nc5 36. Ke3 Ra8 37. Kd4 Ra4+ 38. Kc3 Ra2 39. Kb4 Rxg2 40. h4 Rg4+ 41. Kc3 Rxh4 42. Ra1 Rc4+ 43. Kb2 Rb4+ 44. Kc1 Rxb5 45. Ra8+ Kg7 46. Re8 Ncd3+ 47. Kd2 Rxd5 48. Rxe7 b5 49. Rb7 Nc5+ 50. Kc3 Nxb7 51. Kb4 Rc5 52. Kb3 f5 53. Kb4 g5 54. Kb3 h5 55. Kb4 h4 56. Kb3 g4 57. Kb4 f4 58. Ka3 d5 59. Kb3 d4 60. Kb4 f3 61. Kb3 g3 62. Kb4 h3 63. Kb3 h2 64. Kb2 g2 65. Kb3 f2 66. Kb2 d3 67. Kb3 d2 68. Kb2 d1=N+ 69. Ka2 b4 70. Kb3 Nc6 71. Ka4 f1=Q 72. Kb3 Qc4+ 73. Ka4 Ra5# 0-1

[Event "Junior Online 4NCL Division 5"]
[Site "online"]
[Date "2021.02.18"]
[EventDate "2021.02.18"]
[Round "3.84"]
[White "O'neill, Kai"]
[WhiteElo "1352"]
[WhiteTeam "Kings College School"]
[Black "Marti, Aarush"]
[BlackElo "1390"]
[BlackTeam "Chess Challengers F"]
[Result "1-0"]
[PlyCount "93"]

1. e4 e5 2. Nf3 Nc6 3. Bc4 Nf6 4. Nc3 Bc5 5. d3 O-O 6. Be3 Bxe3 7. fxe3 d6 8. Qd2 Bg4 9. h3 Bxf3 10. gxf3 Na5 11. Bb3 Nxb3 12. axb3 Qd7 13. O-O-O Qc6 14. Rdg1 Qa6 15. Qg2 g6 16. h4 h5 17. Qg5 Nh7 18. Qxh5 Kg7 19. Qg4 Qa1+ 20. Kd2 Qxb2 21. Na4 Qa3 22. h5 Qb4+ 23. Nc3 Nf6 24. Qg3 Rh8 25. hxg6 Rxh1 26. Rxh1 fxg6 27. Rg1 Kf8 28. Qxg6 Ke7 29. Qg7+ Ke6 30. Rg6 Rf8 31. Qxf8 Kd7 32. Qxf6 Kc6 33. Qe6 a5 34. Qd5+ Kb6 35. Qc4 Qxc4 36. dxc4 Kc5 37. Na4+ Kb4 38. Rg7 b6 39. Rxc7 b5 40. cxb5 Kxb5 41. f4 Kb4 42. f5 Kb5 43. f6 Ka6 44. f7 Kb5 45. f8=Q Ka6 46. Qa8+ Kb5 47. Qb7# 1-0

[Event "Junior Online 4NCL Division 5"]
[Site "online"]
[Date "2021.02.18"]
[EventDate "2021.02.18"]
[Round "3.85"]
[White "Russo, Leonardo"]
[WhiteElo "1700"]
[WhiteTeam "Kings College School"]
[Black "Aggarwal, Kian"]
[BlackElo "1400"]
[BlackTeam "Chess Challengers F"]
[Result "1-0"]
[PlyCount "85"]

1. e4 e5 2. Nf3 Nc6 3. Bb5 Qe7 4. c3 Qf6 5. O-O a6 6. Ba4 b5 7. Bc2 b4 8. Re1 bxc3 9. Nxc3 Nd4 10. Nxd4 exd4 11. Nd5 Qd6 12. Qf3 c6 13. Nb6 Rb8 14. Nxc8 Rxc8 15. Bb3 Nf6 16. e5 Qc7 17. exf6+ Kd8 18. Qe4 Bd6 19. g3 gxf6 20. Qf5 Qb6 21. Qxf6+ Be7 22. Qxh8+ Kc7 23. Qe5+ Bd6 24. Qh5 Bc5 25. d3 Bb4 26. Bf4+ d6 27. Qxf7+ Kb8 28. Re8 Rxe8 29. Qxe8+ Kc7 30. Rc1 a5 31. Ba4 c5 32. Qd7+ Kb8 33. Bxd6+ Ka8 34. Bc6+ Qxc6 35. Qxc6+ Ka7 36. f4 Bd2 37. Rxc5 Be3+ 38. Kg2 Bd2 39. Qc7+ Ka6 40. Qc6+ Ka7 41. Bb8+ Kxb8 42. Rb5+ Ka7 43. Qb7# 1-0

[Event "Junior Online 4NCL Division 5"]
[Site "online"]
[Date "2021.02.18"]
[EventDate "2021.02.18"]
[Round "3.86"]
[White "Khandelwal, Ritisha"]
[WhiteElo "1400"]
[WhiteTeam "Chess Challengers F"]
[Black "Ghosh, Kabir A"]
[BlackElo "1543"]
[BlackTeam "Kings College School"]
[Result "0-1"]
[PlyCount "58"]

1. e4 c5 2. Nf3 d6 3. Bc4 Nc6 4. Ng5 e6 5. d3 d5 6. Qh5 g6 7. Qh4 dxc4 8. dxc4 Bg7 9. Nf3 Qxh4 10. Nxh4 Nf6 11. f3 h6 12. g4 g5 13. Ng2 Nd4 14. Ne3 Nxf3+ 15. Kf1 b6 16. Nc3 Bb7 17. Kf2 Nxe4+ 18. Nxe4 Bxe4 19. c3 O-O-O 20. b3 Bxc3 21. Ba3 Rd2+ 22. Kg3 Be5+ 23. Kh3 Bxa1 24. Rxa1 Rxh2+ 25. Kg3 h5 26. gxh5 R8xh5 27. Rd1 R5h3+ 28. Kg4 f5+ 29. Nxf5 exf5# 0-1

[Event "Junior Online 4NCL Division 5"]
[Site "online"]
[Date "2021.02.18"]
[EventDate "2021.02.18"]
[Round "3.87"]
[White "Grover, Anish"]
[WhiteElo "1518"]
[WhiteTeam "Kings College School"]
[Black "Mukherjee, Abhijay"]
[BlackElo "1401"]
[BlackTeam "Chess Challengers F"]
[Result "1-0"]
[PlyCount "49"]

1. d4 c5 2. dxc5 Qa5+ 3. Bd2 Qxc5 4. Nc3 Nf6 5. Nf3 e5 6. e3 Bd6 7. Be2 O-O 8. O-O e4 9. Nd4 Nc6 10. Nxc6 Qxc6 11. Nb5 a6 12. Nxd6 Qxd6 13. Bc3 b5 14. Qxd6 Bb7 15. Bxf6 gxf6 16. Qxf6 Rae8 17. h4 Re6 18. Qg5+ Rg6 19. Qf4 Ba8 20. h5 Re6 21. Qg5+ Kh8 22. h6 Rg8 23. Qh5 Rgg6 24. Qc5 Rxh6 25. Qf8# 1-0

[Event "Junior Online 4NCL Division 5"]
[Site "online"]
[Date "2021.02.18"]
[EventDate "2021.02.18"]
[Round "3.88"]
[White "Marti, Aarush"]
[WhiteElo "1390"]
[WhiteTeam "Chess Challengers F"]
[Black "O'neill, Kai"]
[BlackElo "1352"]
[BlackTeam "Kings College School"]
[Result "0-1"]
[PlyCount "84"]

1. e4 e5 2. Nf3 Nc6 3. Bc4 Bc5 4. Ng5 Qxg5 5. d4 Qe7 6. dxc5 Qxc5 7. Qe2 Nd4 8. Qd3 d6 9. O-O Be6 10. Bxe6 Nxe6 11. Nc3 Nf6 12. Be3 Qc6 13. Rae1 O-O 14. Qb5 Qxb5 15. Nxb5 Nxe4 16. Bxa7 Nd2 17. Rd1 Nxf1 18. Rxf1 Rfd8 19. Be3 c6 20. Na7 d5 21. Rd1 d4 22. Nxc6 bxc6 23. Bd2 Rxa2 24. Rb1 Rb8 25. h3 Rbxb2 26. Rxb2 Rxb2 27. Bc1 Rxc2 28. Ba3 c5 29. h4 Ra2 30. Bc1 Ra1 31. Kh2 Rxc1 32. g3 c4 33. Kg2 d3 34. Kf3 d2 35. Ke2 d1=Q+ 36. Ke3 Rc3+ 37. Ke4 Qf3+ 38. Kxe5 f6+ 39. Kxe6 Qc6+ 40. Kf5 Rf3+ 41. Kg4 Qe4+ 42. Kh5 Qg6# 0-1

[Event "Junior Online 4NCL Division 5"]
[Site "online"]
[Date "2021.02.18"]
[EventDate "2021.02.18"]
[Round "3.91"]
[White "Boikovs, Alexander"]
[WhiteElo "1500"]
[WhiteTeam "Golden Falcons 1"]
[Black "Szajman, Adam"]
[BlackElo "998"]
[BlackTeam "Edgware Gambits H"]
[Result "1-0"]
[PlyCount "51"]

1. e4 e6 2. Nc3 d5 3. exd5 exd5 4. Nf3 d4 5. Nb5 Nc6 6. Be2 Nf6 7. c3 dxc3 8. Nxc3 Be7 9. O-O O-O 10. Re1 Be6 11. d3 Nd4 12. Nxd4 Qxd4 13. Be3 Qb4 14. Rb1 Bc5 15. a3 Qb6 16. Na4 Qb5 17. Bxc5 Rfd8 18. d4 Qc6 19. Bf3 Qd7 20. Qd3 b6 21. Bxa8 Bf5 22. Qc4 Bxb1 23. Bb4 Rxa8 24. Re7 Qd8 25. Qxf7+ Kh8 26. Qxg7# 1-0

[Event "Junior Online 4NCL Division 5"]
[Site "online"]
[Date "2021.02.18"]
[EventDate "2021.02.18"]
[Round "3.93"]
[White "Shelest, Sergei"]
[WhiteElo "1451"]
[WhiteTeam "Golden Falcons 1"]
[Black "Illingworth-Law, Oscar"]
[BlackElo "969"]
[BlackTeam "Edgware Gambits H"]
[Result "1-0"]
[PlyCount "171"]

1. c4 e5 2. Nc3 Nf6 3. e3 d5 4. d4 exd4 5. exd4 Be7 6. Bg5 O-O 7. Nf3 Bg4 8. Be2 Nc6 9. Qd2 Qd7 10. O-O-O Rfd8 11. Kb1 Bf5+ 12. Bd3 Bxd3+ 13. Qxd3 Nb4 14. Qe2 Qf5+ 15. Ka1 Nc2+ 16. Kb1 Nxd4+ 17. Qd3 Qxd3+ 18. Rxd3 Nxf3 19. gxf3 c6 20. Re1 Rd7 21. cxd5 cxd5 22. Nxd5 Nxd5 23. Bxe7 Re8 24. Re5 Rdxe7 25. Rexd5 Re1+ 26. Rd1 Rxd1+ 27. Rxd1 h6 28. Kc2 Kh7 29. Rd7 Re2+ 30. Kd3 Rxf2 31. Rxb7 Rxh2 32. Rxa7 Rxb2 33. a4 Kg6 34. Ra6+ Kf5 35. Ra5+ Ke6 36. Rh5 Ra2 37. a5 Ra3+ 38. Ke4 Ra4+ 39. Ke3 Ra3+ 40. Kf2 Ra2+ 41. Kg3 Kf6 42. Kg4 Ra1 43. Kf4 Ra4+ 44. Kg3 Ra1 45. f4 Rg1+ 46. Kf3 Ra1 47. Rb5 Ra3+ 48. Ke4 Ke7 49. Rf5 Kd6 50. Rb5 Kc6 51. Rb6+ Kc5 52. Rb7 Rxa5 53. Rxf7 g6 54. Rf6 Kb5 55. Rxg6 Ra6 56. Rxa6 Kxa6 57. Kf5 Kb7 58. Kg6 Kc7 59. f5 Kd7 60. f6 Ke8 61. Kg7 h5 62. f7+ Ke7 63. f8=Q+ Ke6 64. Qh8 Ke5 65. Qxh5+ Ke4 66. Kf6 Kd4 67. Qf5 Ke3 68. Ke5 Ke2 69. Ke4 Kd2 70. Kd4 Ke2 71. Qf4 Kd1 72. Qe4 Kd2 73. Qe3+ Kc2 74. Qd3+ Kb2 75. Qc3+ Ka2 76. Kc4 Kb1 77. Kb4 Ka2 78. Qb3+ Ka1 79. Qa3+ Kb1 80. Qh3 Kc2 81. Kc4 Kd2 82. Kd4 Kc2 83. Qc3+ Kd1 84. Qb2 Ke1 85. Ke3 Kf1 86. Qf2# 1-0

[Event "Junior Online 4NCL Division 5"]
[Site "online"]
[Date "2021.02.18"]
[EventDate "2021.02.18"]
[Round "3.94"]
[White "Patel, Kamran"]
[WhiteElo "952"]
[WhiteTeam "Edgware Gambits H"]
[Black "Rolletta, Sofia"]
[BlackElo "1218"]
[BlackTeam "Golden Falcons 1"]
[Result "1-0"]
[PlyCount "101"]

1. d4 d5 2. Nf3 Nf6 3. Bf4 Bf5 4. e3 e6 5. Be2 Be7 6. O-O O-O 7. c3 c6 8. Nbd2 Nbd7 9. Ne5 Ne4 10. Nxe4 Nxe5 11. Bxe5 Bxe4 12. Bd3 Bxd3 13. Qxd3 f6 14. Bf4 g5 15. Bg3 Bd6 16. b4 Bxg3 17. fxg3 Qe8 18. g4 Qg6 19. Qxg6+ hxg6 20. Rf3 f5 21. gxf5 Rxf5 22. Rxf5 gxf5 23. Rf1 Rf8 24. a4 f4 25. exf4 Rxf4 26. a5 Rxf1+ 27. Kxf1 Kg7 28. Kf2 Kf6 29. Kg3 Kf5 30. h4 gxh4+ 31. Kxh4 Kf4 32. g4 e5 33. dxe5 Kxe5 34. g5 Kf5 35. Kh5 Ke4 36. g6 Kd3 37. g7 Kxc3 38. g8=Q d4 39. Qg7 Kc4 40. Qg4 Kc3 41. Qf3+ Kxb4 42. Qd3 Kc5 43. Kg6 b5 44. Kf5 b4 45. Ke5 b3 46. Qxd4+ Kb5 47. Qd3+ Kxa5 48. Qxb3 Ka6 49. Kd6 Ka5 50. Kxc6 Ka6 51. Qb5# 1-0

[Event "Junior Online 4NCL Division 5"]
[Site "online"]
[Date "2021.02.18"]
[EventDate "2021.02.18"]
[Round "3.95"]
[White "Szajman, Adam"]
[WhiteElo "998"]
[WhiteTeam "Edgware Gambits H"]
[Black "Boikovs, Alexander"]
[BlackElo "1500"]
[BlackTeam "Golden Falcons 1"]
[Result "1-0"]
[PlyCount "83"]

1. d4 Nf6 2. c4 e6 3. Nc3 c5 4. Nf3 Nc6 5. dxc5 Bxc5 6. e3 d5 7. cxd5 exd5 8. Bb5 a6 9. Be2 d4 10. exd4 Nxd4 11. Nxd4 Bxd4 12. O-O h5 13. h3 g5 14. Bxg5 Rg8 15. Bxf6 Bxf6 16. Qxd8+ Bxd8 17. Bxh5 Bxh3 18. Bf3 Bc7 19. Bxb7 Rb8 20. Bxa6 Rxg2+ 21. Kh1 Rh2+ 22. Kg1 Ke7 23. Rfe1+ Kf6 24. Bf1 Rg8+ 25. Bg2 Rgxg2+ 26. Kf1 Rxf2+ 27. Kg1 Rhg2+ 28. Kh1 Rf3 29. Nd5+ Kf5 30. Ne3+ Ke5 31. Nxg2+ Kf5 32. Nh4+ Kg4 33. Nxf3 Kxf3 34. Rac1 Bg2+ 35. Kg1 Bf4 36. Rc3+ Kg4 37. Kxg2 Bd2 38. Ree3 Bxc3 39. Rxc3 f5 40. Kf2 f4 41. a4 Kf5 42. a5 1-0

[Event "Junior Online 4NCL Division 5"]
[Site "online"]
[Date "2021.02.18"]
[EventDate "2021.02.18"]
[Round "3.97"]
[White "Illingworth-Law, Oscar"]
[WhiteElo "969"]
[WhiteTeam "Edgware Gambits H"]
[Black "Shelest, Sergei"]
[BlackElo "1451"]
[BlackTeam "Golden Falcons 1"]
[Result "1-0"]
[PlyCount "91"]

1. e4 c5 2. Nf3 Nc6 3. d4 cxd4 4. Nxd4 e5 5. Nxc6 bxc6 6. Bc4 Nf6 7. Nc3 d5 8. exd5 cxd5 9. Bb5+ Bd7 10. Bxd7+ Qxd7 11. O-O d4 12. Ne2 Be7 13. f4 Bd6 14. Qd3 exf4 15. Nxf4 Bc5 16. Re1+ Be7 17. c3 dxc3 18. Qxd7+ Nxd7 19. bxc3 g5 20. Nh3 f6 21. Nxg5 fxg5 22. Bxg5 O-O 23. Rxe7 Rf7 24. Rae1 Raf8 25. Bh6 Rxe7 26. Rxe7 Rf7 27. Re8+ Nf8 28. Bxf8 Rxf8 29. Rxf8+ Kxf8 30. Kf2 Ke7 31. Ke3 Kd6 32. Kd4 a6 33. c4 a5 34. a4 h5 35. h4 Kc6 36. c5 Kc7 37. Kd5 Kd7 38. c6+ Kd8 39. Kd6 Kc8 40. c7 Kb7 41. Kd7 Kb6 42. c8=Q Ka7 43. Qc7+ Ka6 44. g4 hxg4 45. Kc6 g3 46. Qb6# 1-0

[Event "Junior Online 4NCL Division 5"]
[Site "online"]
[Date "2021.02.18"]
[EventDate "2021.02.18"]
[Round "3.98"]
[White "Rolletta, Sofia"]
[WhiteElo "1218"]
[WhiteTeam "Golden Falcons 1"]
[Black "Patel, Kamran"]
[BlackElo "952"]
[BlackTeam "Edgware Gambits H"]
[Result "1-0"]
[PlyCount "115"]

1. d4 d5 2. Nf3 Nc6 3. g3 Bg4 4. Bg2 e6 5. O-O Bd6 6. Nc3 Bf5 7. b3 Nge7 8. Bb2 O-O 9. Nh4 Bg6 10. Nxg6 fxg6 11. Qd3 Nb4 12. Qb5 b6 13. Ba3 Nxc2 14. Bxd6 Qxd6 15. Rac1 Nxd4 16. Qa6 Qe5 17. f4 Qe3+ 18. Rf2 Qxc1+ 19. Bf1 Qxc3 20. Qa4 Nxe2+ 21. Rxe2 Qd4+ 22. Qxd4 Nf5 23. Qe5 Rfe8 24. Qxc7 Rec8 25. Qe5 Re8 26. Qc3 Rac8 27. Qb4 Rc7 28. Qb5 Rcc8 29. Qd7 Nd4 30. Re1 Nf3+ 31. Kf2 Nxe1 32. Kxe1 Ra8 33. Bb5 h6 34. Bc6 Rac8 35. Qd6 a5 36. Bxe8 Rxe8 37. Qxb6 Rc8 38. b4 Rc1+ 39. Kf2 Rc2+ 40. Kf3 Rxa2 41. bxa5 Rxh2 42. a6 Ra2 43. Qxe6+ Kh7 44. f5 Ra3+ 45. Kf4 Ra4+ 46. Ke5 Ra1 47. Qxg6+ Kg8 48. f6 Re1+ 49. Kf5 Rf1+ 50. Kg4 Rxf6 51. Qe8+ Kh7 52. a7 Rg6+ 53. Kf3 Rf6+ 54. Kg4 Rg6+ 55. Kh5 Rg5+ 56. Kh4 Rg6 57. a8=Q d4 58. Qh8# 1-0

[Event "Junior Online 4NCL Division 5"]
[Site "online"]
[Date "2021.02.18"]
[EventDate "2021.02.18"]
[Round "3.101"]
[White "Clayton, Daniel J"]
[WhiteElo "1578"]
[WhiteTeam "SASCA Sharks"]
[Black "Varea, Benjamin"]
[BlackElo "1278"]
[BlackTeam "Dragon Kings 1"]
[Result "1/2-1/2"]
[PlyCount "89"]

1. e4 c6 2. d4 d5 3. Nc3 dxe4 4. Nxe4 Bf5 5. Ng3 Bg6 6. h4 h6 7. Nf3 Nd7 8. h5 Bh7 9. Bc4 e6 10. Qe2 Bd6 11. Ne5 Bxe5 12. dxe5 Qc7 13. Bf4 O-O-O 14. O-O-O Ne7 15. Rhe1 Nb6 16. Ne4 Nxc4 17. Qxc4 b5 18. Qe2 Rd5 19. Nd6+ Kb8 20. g3 Rf8 21. c4 bxc4 22. Qxc4 Nc8 23. Qb4+ Qb6 24. Qxb6+ axb6 25. Rxd5 cxd5 26. Re3 Nxd6 27. exd6 Rc8+ 28. Kd1 Rd8 29. Rc3 Rd7 30. Rc7 Rxc7 31. dxc7+ Kc8 32. Kd2 f6 33. Bd6 e5 34. f3 Bg8 35. f4 exf4 36. Bxf4 Be6 37. Kd3 Kb7 38. Kc3 Kc6 39. b4 b5 40. Kb3 d4+ 41. Kc2 Kd5 42. Kd3 Bf5+ 43. Kd2 Kc4 44. Bd6 Kd5 45. Bf4 1/2-1/2

[Event "Junior Online 4NCL Division 5"]
[Site "online"]
[Date "2021.02.18"]
[EventDate "2021.02.18"]
[Round "3.102"]
[White "Schmidt, Eoin"]
[WhiteElo "1045"]
[WhiteTeam "Dragon Kings 1"]
[Black "Atkinson, Matthew"]
[BlackElo "1255"]
[BlackTeam "SASCA Sharks"]
[Result "0-1"]
[PlyCount "136"]

1. e4 e5 2. Nf3 Nc6 3. Bc4 Bc5 4. Nc3 Nf6 5. d3 d6 6. Bg5 Bg4 7. Nd5 Nd4 8. Bxf6 gxf6 9. c3 Nxf3+ 10. gxf3 Be6 11. d4 Bxd5 12. Bxd5 c6 13. dxc5 cxd5 14. exd5 dxc5 15. c4 b6 16. Qa4+ Qd7 17. Qxd7+ Kxd7 18. O-O-O Rhg8 19. Rhg1 Rg6 20. h4 Rag8 21. Rxg6 Rxg6 22. h5 Rg2 23. Rf1 Rh2 24. a3 Rxh5 25. b4 Rf5 26. bxc5 bxc5 27. Kd2 Rxf3 28. Ke2 Rxa3 29. Rb1 Kc7 30. Rd1 Kd6 31. f3 f5 32. Rd2 e4 33. fxe4 fxe4 34. Rd1 Rd3 35. Ra1 Rc3 36. Rxa7 Rxc4 37. Rxf7 Kxd5 38. Rxh7 Kd4 39. Rd7+ Kc3 40. Ke3 Rd4 41. Ra7 Kb3 42. Rb7+ Kc4 43. Ra7 Kd5 44. Rd7+ Ke5 45. Re7+ Kd6 46. Rxe4 Rxe4+ 47. Kxe4 Kc6 48. Kd3 Kb5 49. Kd2 Kc4 50. Kc2 Kd4 51. Kc1 Kd3 52. Kb2 c4 53. Kc1 Kc3 54. Kd1 Kb2 55. Kd2 c3+ 56. Kd1 c2+ 57. Kd2 c1=Q+ 58. Kd3 Qc5 59. Kd2 Qc3+ 60. Ke2 Kc2 61. Kf2 Qd3 62. Kg2 Kd2 63. Kf2 Qe3+ 64. Kg2 Ke2 65. Kh2 Qg5 66. Kh3 Kf3 67. Kh2 Qg3+ 68. Kh1 Qg2# 0-1

[Event "Junior Online 4NCL Division 5"]
[Site "online"]
[Date "2021.02.18"]
[EventDate "2021.02.18"]
[Round "3.103"]
[White "Harper, Luke"]
[WhiteElo "1166"]
[WhiteTeam "SASCA Sharks"]
[Black "Varea, Gabriel"]
[BlackElo "955"]
[BlackTeam "Dragon Kings 1"]
[Result "1-0"]
[PlyCount "119"]

1. e4 e5 2. d4 exd4 3. f3 Nc6 4. c3 dxc3 5. Nxc3 Bb4 6. Bd2 Bxc3 7. Bxc3 Nf6 8. Bd3 O-O 9. Ne2 d6 10. O-O Be6 11. Nf4 Qe7 12. Nxe6 Qxe6 13. b3 Nh5 14. Bc4 Qg6 15. Qd2 Rad8 16. Bd3 Ne5 17. g3 Nxd3 18. Qxd3 Nf4 19. Qe3 Nh3+ 20. Kg2 Ng5 21. Rad1 a6 22. f4 Nxe4 23. f5 Qg4 24. h3 Qxg3+ 25. Qxg3 Nxg3 26. Kxg3 b5 27. Rg1 Rde8 28. Kf3 f6 29. Rg2 c5 30. Rdg1 Rf7 31. Rxg7+ Rxg7 32. Kf2 Rxg1 33. Kxg1 b4 34. Bxf6 Rf8 35. Be7 Rxf5 36. Bxd6 Rg5+ 37. Kf2 Rf5+ 38. Kg3 Rd5 39. Bf4 Rd3+ 40. Kg4 Rd2 41. Bxd2 a5 42. Be3 a4 43. Bxc5 axb3 44. axb3 Kh8 45. Bxb4 Kg7 46. Bc3+ Kg6 47. b4 h5+ 48. Kg3 Kf5 49. Kf3 h4 50. Ke3 Kg5 51. b5 Kf5 52. b6 Ke6 53. b7 Kd6 54. b8=Q+ Ke6 55. Ke4 Kf7 56. Kf5 Ke7 57. Bf6+ Kf7 58. Bxh4 Kg7 59. Qe5+ Kh6 60. Qh8# 1-0

[Event "Junior Online 4NCL Division 5"]
[Site "online"]
[Date "2021.02.18"]
[EventDate "2021.02.18"]
[Round "3.104"]
[White "Tipton, Oliver"]
[WhiteElo "880"]
[WhiteTeam "Dragon Kings 1"]
[Black "Dewis, Oliver"]
[BlackElo "903"]
[BlackTeam "SASCA Sharks"]
[Result "1-0"]
[PlyCount "157"]

1. d4 d5 2. e3 c5 3. dxc5 e6 4. Bb5+ Bd7 5. Bxd7+ Nxd7 6. Nc3 Bxc5 7. Bd2 Ngf6 8. Nf3 O-O 9. O-O Qb6 10. h3 Qxb2 11. Qb1 Qxb1 12. Raxb1 Bd6 13. Nb5 Bb8 14. c3 Ne4 15. Rb4 Nxd2 16. Nxd2 a6 17. Nd4 a5 18. Rxb7 Nc5 19. Rbb1 Nd3 20. c4 dxc4 21. Nxc4 Bc7 22. Rb3 Nc5 23. Rb5 Nd3 24. Rd1 Ne5 25. Nxe5 f6 26. Nd7 Rfd8 27. Nxe6 Rxd7 28. Rxd7 Rc8 29. Nxc7 Kf8 30. Ne6+ Ke8 31. Nc7+ Kxd7 32. Na6 Rc1+ 33. Kh2 Rc6 34. Nb8+ Kc7 35. Nxc6 Kxc6 36. Rxa5 Kb6 37. Ra8 Kb7 38. Rh8 h6 39. a4 Ka6 40. Ra8+ Kb7 41. Rg8 g5 42. Rg7+ Kb6 43. Rg6 h5 44. Rxf6+ Ka5 45. e4 Kxa4 46. e5 Kb5 47. e6 Kc6 48. e7+ Kd7 49. Rf7 Ke8 50. Rg7 Kd7 51. Rxg5 Kxe7 52. Rxh5 Kf6 53. Rh6+ Kg5 54. Ra6 Kf4 55. h4 Kg4 56. Ra4+ Kh5 57. g4+ Kxh4 58. f3 Kg5 59. Ra5+ Kg6 60. f4 Kf6 61. g5+ Kg6 62. Ra6+ Kg7 63. f5 Kf7 64. g6+ Kg7 65. Ra7+ Kg8 66. f6 Kf8 67. g7+ Kg8 68. Ra8+ Kf7 69. Rf8+ Kg6 70. g8=Q+ Kf5 71. Qd5+ Kg6 72. Qg8+ Kf5 73. Qd5+ Kg6 74. f7 Kg7 75. Rg8+ Kf6 76. Re8 Kg7 77. f8=Q+ Kg6 78. Qg2+ Kh7 79. Re7# 1-0

[Event "Junior Online 4NCL Division 5"]
[Site "online"]
[Date "2021.02.18"]
[EventDate "2021.02.18"]
[Round "3.105"]
[White "Varea, Benjamin"]
[WhiteElo "1278"]
[WhiteTeam "Dragon Kings 1"]
[Black "Clayton, Daniel J"]
[BlackElo "1578"]
[BlackTeam "SASCA Sharks"]
[Result "0-1"]
[PlyCount "92"]

1. e4 c5 2. Nf3 d6 3. Bc4 e6 4. Nc3 Nc6 5. d4 cxd4 6. Nxd4 Nf6 7. f3 a6 8. Be3 d5 9. Bb3 Bb4 10. Nxc6 bxc6 11. O-O O-O 12. e5 Nd7 13. f4 c5 14. Bd2 Nb6 15. a3 Bxc3 16. Bxc3 c4 17. Ba2 Bb7 18. Ba5 Qc7 19. Qd4 Qc6 20. Qxb6 Rac8 21. Qxc6 Bxc6 22. c3 Ba4 23. Rab1 Bc2 24. Rbc1 Be4 25. Bb1 Rc6 26. Bxe4 dxe4 27. Rfe1 Rb8 28. Rc2 Rb5 29. b4 cxb3 30. Rd2 h6 31. Bd8 Rxc3 32. Rb2 Rc2 33. Rxc2 bxc2 34. Kf2 Rb1 35. a4 Rxe1 36. Kxe1 c1=Q+ 37. Ke2 Qxf4 38. a5 Qxe5 39. Bb6 Qxh2 40. Ke3 Qxg2 41. Bc7 Qf3+ 42. Kd2 f5 43. Ke1 f4 44. Kd2 e3+ 45. Ke1 Qf2+ 46. Kd1 Qd2# 0-1

[Event "Junior Online 4NCL Division 5"]
[Site "online"]
[Date "2021.02.18"]
[EventDate "2021.02.18"]
[Round "3.106"]
[White "Atkinson, Matthew"]
[WhiteElo "1255"]
[WhiteTeam "SASCA Sharks"]
[Black "Schmidt, Eoin"]
[BlackElo "1045"]
[BlackTeam "Dragon Kings 1"]
[Result "1-0"]
[PlyCount "117"]

1. c4 d5 2. d3 e6 3. Nc3 Bb4 4. Qa4+ Nc6 5. Bd2 Nf6 6. Nf3 d4 7. Ne4 Bxd2+ 8. Nexd2 Bd7 9. Qd1 O-O 10. Nb3 Bc8 11. g3 b6 12. Bg2 Bb7 13. Nfxd4 Qd7 14. Bxc6 Bxc6 15. Nxc6 Qxc6 16. Kd2 Rfd8 17. Kc2 b5 18. Rc1 bxc4 19. Kb1 Qa4 20. Rxc4 Qxc4 21. dxc4 Rxd1+ 22. Rxd1 Ng4 23. f3 Ne3 24. Rg1 Nxc4 25. Rc1 Ne3 26. Rxc7 Nd5 27. Rc1 Ne3 28. Nd4 Rd8 29. Nc6 Re8 30. Nxa7 f5 31. Nc6 Kf7 32. Ne5+ Kf6 33. Nc4 Nxc4 34. Rxc4 e5 35. e4 fxe4 36. Rxe4 Kf5 37. Re1 e4 38. fxe4+ Rxe4 39. Rxe4 Kxe4 40. a4 Kf3 41. a5 Kg2 42. a6 Kxh2 43. a7 Kxg3 44. a8=Q h5 45. Qa3+ Kg4 46. Qe3 h4 47. Qg1+ Kh3 48. Qxg7 Kh2 49. Qh7 Kh3 50. b4 Kh2 51. Qxh4+ Kg2 52. Qf4 Kg1 53. Kc2 Kg2 54. Kd2 Kg1 55. Ke2 Kg2 56. Qf3+ Kh2 57. Qg4 Kh1 58. Kf2 Kh2 59. Qg2# 1-0